000 00508nam a22001937a 4500
003 UA-OsUOA
001 129663
007 ta
008 20180316b un ||||| |||| 00| 0 ukr d
100 _aВертій О.
090 _bВ35
942 _cEB
040 _aUA-OsUOA
_bukr
_cUA-OsUOA
_dUA-OsUOA
245 _aДуховні виміри української національної ідеї
955 _a2
041 _aukr
856 4 0 _uhttps://javalibre.com.ua/java-book/book/2917674
650 7 _2UDC
999 _c417530
_d417530